| 000 | 00812nam a2200241 4500 | ||
|---|---|---|---|
| 003 | OSt | ||
| 005 | 20240615015343.0 | ||
| 006 | a | ||
| 008 | 240615b |||||||| |||| 00| 0 eng d | ||
| 020 | _a0805844988 | ||
| 040 |
_aDWCL-Main lib. _cOC |
||
| 082 | _aCirc. 808.042 In61r 2003 | ||
| 111 | _aMarguerite Helmers | ||
| 245 | _aIntertexts : reading pedagogy in college writing classrooms / | ||
| 260 |
_aNew Jersey : _bLawrence Erlbaum Asso., _cc2003. |
||
| 300 |
_axviii, _b251 p. : ill. ; _c23 cm. |
||
| 504 | _aIncludes bibliographical references & index. | ||
| 650 | _a1. English language-Rhetoric–Study and teaching. | ||
| 650 | _a2. Report writing–Study and teaching (Higher). | ||
| 650 | _a3. Reading (Higher education). | ||
| 711 | _aMarguerite Helmers | ||
| 942 |
_2ddc _n0 _cBK-CIRC _kCirc. |
||
| 999 |
_c745 _d745 |
||